[Event "GER-chT U20 Girls"]
[Site "Magdeburg"]
[Date "2023.12.30"]
[Round "7.1"]
[White "Chung, Dana"]
[Black "Hallfarth, Luise"]
[Result "0-1"]
[WhiteElo "1289"]
[BlackElo "1453"]
[PlyCount "94"]
[EventDate "2023.12.26"]
[EventType "team-swiss"]
[EventRounds "7"]
[EventCountry "GER"]
[SourceTitle "CB03_2024"]
[SourceDate "2024.01.17"]
[SourceVersion "1"]
[SourceVersionDate "2024.01.17"]
[SourceQuality "1"]
[WhiteTeam "Karlsruhe SF"]
[BlackTeam "Nordhorn Blanke"]
[WhiteTeamCountry "GER"]
[BlackTeamCountry "GER"]

1. d4 e6 2. Bf4 Nf6 3. Nf3 d5 4. e3 Bd7 5. c4 Be7 6. Nc3 dxc4 7. Bxc4 a6 8. 0-0 0-0 9. Ne5 c5 10. Bg5 cxd4 11. exd4 Nc6 12. f4 Qc7 13. Nxd7 Qxd7 14. d5 exd5 15. Nxd5 Nxd5 16. Qxd5 Qxd5 17. Bxd5 Bc5+ 18. Kh1 Bd4 19. Bxc6 bxc6 20. Rab1 Rab8 21. Be7 Rfe8 22. Bd6 Rxb2 23. Rxb2 Bxb2 24. Bc5 f6 25. g3 Kf7 26. Kg2 Re2+ 27. Rf2 Rxf2+ 28. Kxf2 Ke6 29. Ke2 Kd5 30. Be3 Kc4 31. Kd1 c5 32. Kc2 Bd4 33. Bd2 Bg1 34. h3 Bf2 35. g4 g6 36. Bc3 Bd4 37. Bd2 f5 38. Bc1 Kd5 39. gxf5 gxf5 40. Kd3 c4+ 41. Ke2 Ke4 42. Bd2 c3 43. Bc1 c2 44. h4 h5 45. Kd2 Be3+ 46. Kxc2 Bxc1 47. Kxc1 Kxf4 0-1

[Event "Baden-ch U10"]
[Site "Ettlingen"]
[Date "2014.01.03"]
[Round "2"]
[White "Trifan, Andrei Ioan"]
[Black "Chung, Dana"]
[Result "1-0"]
[WhiteElo "1537"]
[BlackElo "839"]
[PlyCount "69"]
[EventDate "2014.01.??"]
[EventType "swiss"]
[EventRounds "7"]
[EventCountry "GER"]
[SourceTitle "EXT 2022"]
[Source "ChessBase"]
[SourceDate "2021.10.06"]
[SourceVersion "1"]
[SourceVersionDate "2021.10.06"]
[SourceQuality "1"]

1. e4 e5 2. Nf3 Nc6 3. Bc4 Nf6 4. Ng5 Bc5 5. Nxf7 Qe7 6. Nxh8 d6 7. Nf7 Ng4 8. 0-0 Be6 9. Bxe6 Qxe6 10. Ng5 Qg6 11. Qxg4 Nd4 12. Na3 h6 13. c3 Nc6 14. Qe6+ Ne7 15. Qxg6+ Nxg6 16. Ne6 Bb6 17. Nxg7+ Kf8 18. Nf5 Kf7 19. Nxh6+ Kg7 20. Nf5+ Kf6 21. Nc4 Bc5 22. b4 Bxb4 23. cxb4 Rd8 24. Nce3 Nf4 25. Ng4+ Kg5 26. f3 Ne2+ 27. Kf2 Nf4 28. d3 b6 29. g3 a5 30. h4+ Kh5 31. gxf4 axb4 32. fxe5 dxe5 33. Nxe5 Re8 34. Ng7+ Kxh4 35. Rh1# 1-0